Music Quiz

Random Music or Clickable Quiz

Band by Classified Ad Quiz Stats

Quiz not verified by Sporcle

Challenge
Share
Tweet
Embed
Score 0/17 Timer 06:00
0 Plays Today
% Correct
The Monkees
90.9%
Spice Girls
75.8%
Metallica
69.7%
Guns N' Roses
57.6%
Steely Dan
57.6%
Nirvana
51.5%
Pixies
48.5%
Joy Division
48.5%
The Rolling Stones
45.5%
% Correct
Bruce Springsteen & the E Street Band
45.5%
Duran Duran
36.4%
Mötley Crüe
36.4%
KISS
33.3%
Roxy Music
33.3%
Dinosaur Jr
33.3%
Public Image Ltd.
33.3%
Sparks
6.1%

You're not logged in!

Compare scores with friends on all Sporcle quizzes.
Sign Up with Email
OR
Log In

You Might Also Like...

Show Comments

Extras

Top Quizzes Today


Score Distribution

Your Account Isn't Verified!

In order to create a playlist on Sporcle, you need to verify the email address you used during registration. Go to your Sporcle Settings to finish the process.